Quizzes
Events
Quiz Creation
Community
Videos
Private Events
Remove Ads
Sign In
Join for FREE
Feedback
Dark Mode
Quiz Categories
Sports
Geography
Music
Movies
Television
Just For Fun
Miscellaneous
History
Literature
Language
Science
Gaming
Entertainment
Religion
Holiday
For Kids
Quiz Lab
Recent
Popular Today
Quiz Kudos Today
Editor Picks
Curator Picks
Quizzes by...
Day
Popularity
Type
Ratings
Length
Year
Community
Subscriptions
Recent Discussions
Orange Saloon
Badges
Playlists
Quests
Create
Leaderboards
Showdown
Live 5
Trivia Bingo
Activity
Puzzle Library
Sporcle Events
Private Events
Virtual Trivia
Globe League
Become a Host
Pub Owners
SporcleCon
Opinionation
Our Games
Videos
Blog
Mobile Apps
Partnerships
Remove Ads and Go Orange
Feedback
Just For Fun
Clickable
Get the Picture
Humor
Quick Pick
Word Ladder
Missing Word
Mixed Word
Blitz
Minefield
This or That
Alphabet
Color
Typing
Sporcle
Puzzle
Word Play
Follow That Line
Logic
Just For Fun
Clickable
Get the Picture
Humor
Quick Pick
Word Ladder
Missing Word
Mixed Word
Blitz
Minefield
This or That
Alphabet
Color
Typing
Sporcle
Puzzle
Word Play
Follow That Line
Logic
Random Quiz
Search Sporcle
×
Quiz Lab
Quiz Lab
Just For Fun
form
Type in answers that appear in a list
Type in answers that appear in a list
Classic
Best Score? Go Orange.
Simbase Player Pairs Stats
Can you name the simbase players that form the other one of a pair?
By
develin
7m
17 Questions
13 Plays
13 Plays
13 Plays
Comments
Comments
Give Quiz Kudos
Give Quiz Kudos
-
- Ratings
hide this ad
Replay
Link that replays current quiz
Next Quiz
Link to next quiz in quiz playlist
You Got
0%
They Got
Avg Score
45%
Avg Friend Score
Upgrade to see
Score Distribution
Jump to the score distribution portion of the page
Score
0/17
Timer
07:00
0
Plays Today
Descriptor
Player
% Correct
With the above, the two players to hit 22+ HR in a single season
Ahmed Johnson
92.3%
With the above, the 21-
year-
old middle infielders on the inaugural Terra Incognitos
Clark Kent
92.3%
With the last player on this list, the two Pusan Protagonists to post a team-
high .587 SLG in Y1 spring
Praetor Fenix
76.9%
With the above, the two Hall of Famers with a 14+ year career all with a single team
Rebecca Romijn
76.9%
With the above, the two hitters to have 3 seasons in the top 25 single-
season WPAs
Mr. Perfect
61.5%
With the above, the two Hall of Famers with 300+ walks
Ely Culbertson
61.5%
With the above, the two relievers to have a season of 23+ innings allowing only one run
Nery Pumpido
61.5%
With the above, the two back-
to-
back Pick 37s destined for the HoF
Juliana Hatfield
53.8%
With the above, the two relievers drafted in Y2 who retired in Y17
Eunice Wentworth Howell
53.8%
Descriptor
Player
% Correct
With the above, the two relievers to garner MVP votes in Year 15
Diddy Kong
46.2%
With the above, the two players to exceed a 1.100 OPS in a season of 50-
100 PA
Selina Kyle
23.1%
With the above, the two players to post a season with a WPA of greater than 3 and a RA of less than 1
Claudia Schiffer
23.1%
With the above, the two position players to break -
50 career DRAP
Griswold the Blacksmith
15.4%
With the above, the two players involved in the batter-
pitcher matchup for the last out of the Y9 World Series
Alis Landale
15.4%
With the above, the two Seattle Angst mid-
Y1 acquisitions who were no longer with the defending champs entering Y2
King Graham
15.4%
With the above, the two relievers to have more career saves than line drives (minimum 10 saves)
Alan Dershowitz
7.7%
With the above, the two San Jose third basemen who hit exactly .289/
.325/
.500 in Y1 spring
Pac-Man
0%
Quiz Playlist
Details
Report
Send in Message
Add To Playlist
Classic:
Type in answers that appear in a list
Quiz Source
Last Updated: Feb 16, 2017
Quiz Scoreboard
CHALLENGE
Sign Up to Join the Scoreboard
Show All
Scores
Hide
Comments
May contain spoilers
Recently Published
NBA Finals Game Top Scorers (2010s)
by flibbidy
Sports
5m
Guess the 'R' Things in 3 Words
by MSUKent
Miscellaneous
3m
Actor to Badly Drawn Movie III
by MoMosMoProblems
Movies
5m
More to Explore
Quiz From the Vault
Featured Blog Post
Where Does Lost Luggage Go?
hide this ad
You Might Also Like...
Tags
form
Player
Today's Top Quizzes in Just For Fun
Browse Just For Fun
hide this ad
Today's Top Quizzes in form
Browse form
Top Contributed Quizzes in Just For Fun
1
CrossWordLadder XXIII
2
Erkennst du die Lieblingsgerichte der watsons?
3
Quick Pick: Famous Davids
4
Sporcle Events Newsletter Bonus Questions 3/18/24
5
Guess Who in 3 Images
6
CrossWordLadder XXIV
7
CrossWordLadder XLIII
8
CrossWordLadder XXV
9
Trees Logic Puzzle 616
10
Order the Mini Maze II
Explore More
Trending Topics
Harry Potter
Disney
Marvel
Anime
Kpop
NBA
Crossword
The Office
NFL
WWE
Song
Country
Pokémon
Soccer
Puzzle
hide this ad
More By:
develin
Quiz
Plays
Rating
Category
Featured
Created
Dead or Alive 2016
455
4.00
Miscellaneous
Dec 30, 2016
Dead or Alive
324
2.33
Entertainment
Aug 4, 2011
Board Game Taglines
247
5.00
Gaming
Aug 22, 2011
Board Game Geek Top 15
192
4.20
Gaming
Nov 26, 2009
Citizenship Languages
82
Just For Fun
Oct 19, 2010
Go to Creator's Profile
Score Distribution
Quiz Creator Spotlight
develin
Follow
Send a Message
Quizzes Created
-
Created Quiz Play Count
-
More By This Creator
Popular Quizzes Today
1
Find the US States - No Outlines Minefield
2
Find the US States
3
The Countries of the World
4
10 Largest US States in Order
5
Find the Countries of Europe - No Outlines Minefield
6
US States
7
Guess the 'R' Things in 3 Words
8
NBA Finals Game Top Scorers (2010s)
More Just For Fun Quizzes
Missing Word: 'K' Pairs
Published
Trending Quizzes
First Name TV: Leading Men
First Name TV: Leading Women Drama
Match the Book to the Film II
3-Word Movies in 1 Word II
Match the Book to the Film VI
Recently Updated
Women's Final Four Teams by Year
bhenderson79
Presidents Quartet II
eogle
Anything But Clue(do)
eogle
Anything But Oceanian Capitals
eogle
Anything But 7
eogle
Anything But Thing
eogle
Word Ladder: February 29
pecheneg
Song Title Questions
pecheneg
Women's NCAA Tournament #1 Seeds
pecheneg
Celebrity Mug Shots
pecheneg
Trending Topics
Marvel
NBA
Crossword
Disney
Anime
Harry Potter
Kpop
Country
Song
Puzzle
The Office
WWE
Soccer
Pokémon
NFL
Your Account Isn't Verified!
In order to create a playlist on Sporcle, you need to verify the email address you used during registration. Go to your
Sporcle Settings
to finish the process.
Report this User
Report this user for behavior that violates our
Community Guidelines
.
Details:
Send Report
Go to the Sporcle.com Mobile Site →
Comments